ORAL & MAXILLOFACIAL PATHOLOGY (Record no. 4360)
[ view plain ]
| 000 -LEADER | |
|---|---|
| fixed length control field | 00344nam a2200145Ia 4500 |
| 008 - FIXED-LENGTH DATA ELEMENTS--GENERAL INFORMATION | |
| fixed length control field | 150201s2009 xx 000 0 und d |
| 082 ## - DEWEY DECIMAL CLASSIFICATION NUMBER | |
| Classification number | 617.525 |
| Item number | O2009N |
| 100 ## - MAIN ENTRY--PERSONAL NAME | |
| Personal name | NEVILLE |
| 245 ## - TITLE STATEMENT | |
| Title | ORAL & MAXILLOFACIAL PATHOLOGY |
| 250 ## - EDITION STATEMENT | |
| Edition statement | 3RD |
| 260 ## - PUBLICATION, DISTRIBUTION, ETC. (IMPRINT) | |
| Name of publisher, distributor, etc. | ELSEVIER |
| Place of publication, distribution, etc. | DELHI |
| Date of publication, distribution, etc. | 2009 |
| 300 ## - PHYSICAL DESCRIPTION | |
| Extent | 1-968 |
| 650 ## - SUBJECT ADDED ENTRY--TOPICAL TERM | |
| Topical term or geographic name as entry element | ORAL PATHOLOGY |
| 942 ## - ADDED ENTRY ELEMENTS (KOHA) | |
| Source of classification or shelving scheme | Dewey Decimal Classification |
| Koha item type | Books |
| Withdrawn status | Lost status | Source of classification or shelving scheme | Damaged status | Not for loan | Home library | Current library | Date acquired | Source of acquisition | Cost, normal purchase price | Serial Enumeration / chronology | SGTU | Bill Number | Total Checkouts | Full call number | Barcode | Date last seen | Bill Date | Koha item type | Date last checked out |
|---|---|---|---|---|---|---|---|---|---|---|---|---|---|---|---|---|---|---|---|
| Dewey Decimal Classification | SGT Dental Library | SGT Dental Library | 01/11/2009 | U.B.S.DELHI | 1525.00 | 1 | SGTU | 671 | 617.525 O2009N | FD5882 | 09/02/2015 | 27/02/2013 | Books | ||||||
| Dewey Decimal Classification | SGT Dental Library | SGT Dental Library | 01/11/2009 | U.B.S.DELHI | 1525.00 | 1 | SGTU | 671 | 1 | 617.525 O2009N | FD5883 | 16/06/2025 | 27/02/2013 | Books | 14/06/2025 |